| 000 | 00879cab a2200253 4500 | ||
|---|---|---|---|
| 001 | ABS38064 | ||
| 008 | 090401t1987 xxu||||| |||| 00| 0 eng d | ||
| 035 | _a(Sirsi) u8497 | ||
| 041 | _aeng | ||
| 100 | _aHill, P. | ||
| 245 | _aFarm woodlands: facing the facts | ||
| 260 | _c1987 | ||
| 350 | _a0 | ||
| 490 |
_aLandscape Design _v(168) August 1987, 17-19(3) |
||
| 520 | _aDescribes two new government schemes aimed at encouraging forestry, particularly broadleaved woodlands, on farmland in the lowlands; the Broadleaved Woodland Grant Scheme and the Farm Woodland Scheme and discusses the implications for farmers and landowners and the appearance of the landscape. | ||
| 650 | _aALTERNATIVE USES | ||
| 650 | _aCOUNTRYSIDE | ||
| 650 | _aDIVERSIFICATION | ||
| 650 | _aFARMING | ||
| 650 | _aGRANTS | ||
| 690 | _aRURAL PRACTICE | ||
| 942 | _n0 | ||
| 948 | _c04/03/1997 | ||
| 999 |
_c5241 _d5241 |
||